| 000 | 01341nas a2200337 i 4500 | ||
|---|---|---|---|
| 001 | 2823 | ||
| 003 | ES-MaACL | ||
| 005 | 20250813110909.0 | ||
| 007 | t| | ||
| 008 | 001215c1993 sp f| | 0 ||pa d | ||
| 022 | _a1133-5165 | ||
| 080 | _a(460) | ||
| 080 | _a001 | ||
| 080 | _a1 | ||
| 245 | 0 | 0 |
_aLudus vitalis _b: revista de filosofía de las ciencias de la vida = journal of philosophy of life sciences = revue de philosophie des sciences de la vie / _c[Centro de Estudios Filosóficos, Políticos y Sociales "Vicente Lombardo Toledano"]. |
| 260 |
_aSant Cugat del Vallés : _bAnthropos, _c1993- |
||
| 300 |
_a3 v. ; _c23 cm. |
||
| 310 | _aSemestral | ||
| 362 | 0 | _aVol. 1, nº 1 (1993)- | |
| 546 | _aTexto en español, francés e inglés. | ||
| 650 | 1 | 7 |
_aCiencia _2embne _910929 |
| 650 | 1 | 7 |
_aFilosofía _2embne _912802 |
| 655 | 7 |
_2tgfbne _9226866 _aRevistas |
|
| 710 | 2 |
_aCentro de Estudios Filosóficos, Políticos y Sociales "Vicente Lombardo Toledano" (México) _92629 |
|
| 852 |
_aES-MaACL _jHem-1955 _cHEM _zExpurgado marzo 2025: posterior 1958; sin encuadernar; en acceso abierto |
||
| 856 |
_uhttps://dialnet.unirioja.es/servlet/revista?codigo=3420 _ySumarios de la revista en Dialnet |
||
| 866 | 0 | _o1993-97(1998 f.n11). | |
| 942 |
_2udc _cPERIODICA |
||
| 999 |
_c2823 _d2823 |
||